000
003190000a22001330004500
041
0
_a
SPA
082
0
4
_a
G 868 E714d
245
1
0
_a
Del solar hispánico / Amelia . de del Río, Ángel del Río, Editores
250
_a
ed. revisada
260
_a
New York, USA : Dryden
300
_a
488 Pag
001
11168
942
_c
BK
999
_c
40534
_d
40534